• 首页
  • 本馆介绍
  • 公告通知
  • 最新文献
  • 馆藏检索
  • 电子资源
  • 读者导购
  • 参考咨询
  • 我的图书馆
  • 登录
  • 详细信息显示
  • 放入我的书架
  • 预约/预借图书
  • 作者相关作品
  • 分类相关作品
  • 丛书相关作品
  • 出版社相关作品

书目信息

  • 表格格式
  • 工作单格式
  • 卡片格式
题名:
看图学攀岩
    
 
作者: 易思婷 著
分册:  
出版信息: 北京   人民邮电出版社  2016.12
页数: 168页
开本: 21cm
丛书名:
单 册:
中图分类: G881
科图分类:
主题词: 攀登(登山运动)--基本知识
电子资源:
ISBN: 978-7-115-44032-7
000 00948nam0 2200277 450
001 0120162082211
005 20170418154703.15
010    @a978-7-115-44032-7@dCNY58.00
100    @a20170104d2016 em y0chiy50 ea
101 0  @achi
102    @aCN@b110000
105    @aa z 000yy
106    @ar
200 1  @a看图学攀岩@9kan tu xue pan yan@e易思婷基础攀岩教学@f易思婷著
205    @a2版@b修订版
210    @a北京@c人民邮电出版社@d2016.12
215    @a168页@d21cm
305    @a由城邦文化事业股份有以司麦田出版事业部授权出版
330    @a本书详细介绍了攀岩的历史、种类、观念、动作技巧以及装备,同时还介绍了大量进阶内容和实用细节,如裂隙攀岩、锚点设置、下撤和攀岩旅行等。
333    @a运动爱好者
517 1  @a易思婷基础攀岩教学@9yi si ting ji chu pan yan jiao xue
606 0  @a攀登(登山运动)@x基本知识
690    @aG881@v5
701  0 @a易思婷@9yi si ting@4著
801  0 @aCN@b人天书店@c20170104
905    @b988113-16@dG881@e132=2@f4
    
    看图学攀岩:易思婷基础攀岩教学/易思婷著.-2版,修订版.-北京:人民邮电出版社,2016.12
    168页;21cm
    使用对象:运动爱好者
    
    ISBN 978-7-115-44032-7:CNY58.00
    本书详细介绍了攀岩的历史、种类、观念、动作技巧以及装备,同时还介绍了大量进阶内容和实用细节,如裂隙攀岩、锚点设置、下撤和攀岩旅行等。
●
相关链接 在E读中查询图书 在五车中查询图书 在当当中查询图书 在豆瓣中查询图书


正题名:看图学攀岩     索取号:G881/132=2         预约/预借

序号 登录号 条形码 馆藏地/架位号 状态 备注
1 988113   209881136   第一样本阅览室/ [索取号:G881/132=2] 在馆    
2 988114   209881145   第四借阅区/ [索取号:G881/132=2] 在馆    
3 988115   209881154   密集书库-体育系/ [索取号:G881/132=2] 在馆    
4 988116   209881163   密集书库-体育系/ [索取号:G881/132=2] 在馆    
唐山师范学院图书馆 欢迎您!
大连网信软件有限公司© 版权所有